00369nam a2200133Ia 4500008004100000020001400041040002900055050002200084100002600106245003700132260004400169942000700213999001500220221221s9999||||xx |||||||||||||| ||und|| a198775768 cChuka University Library aHF 5415bB56 2000 aKeith,Blois(ed)93127 4aThe oxford textbook of marketing aOxford university pressbNew yorkc2000 cBK c4202d4202